|
|
|
|
| LEADER |
00607cam a2200169 7i4500 |
| 001 |
0000007404 |
| 005 |
20000209090000.0 |
| 020 |
0 |
0 |
|a 0814479960
|
| 090 |
0 |
0 |
|a B 658.478
|b OVE
|
| 100 |
1 |
0 |
|a Overly
|
| 245 |
1 |
0 |
|a E-policy :
|b how to develop computer, e-policy and internet guidelines to protect your company and its assets.
|
| 260 |
0 |
0 |
|a New York:
|b AMACOM,
|c 1999.
|
| 300 |
# |
# |
|a 146 p.
|
| 650 |
0 |
0 |
|a Computer security
|
| 650 |
0 |
0 |
|a Business enterprises --
|x Computer networks --
|x Security measures
|
| 650 |
0 |
0 |
|a Electronic mail systems --
|x Security measures
|
| 999 |
|
|
|a B000011050
|b Book
|c Book
|e Business Information Centre
|